<?xml version="1.0" encoding="UTF-8"?><?xml-stylesheet type="text/xsl" href="static/style.xsl"?><OAI-PMH xmlns="http://www.openarchives.org/OAI/2.0/" xmlns:xsi="http://www.w3.org/2001/XMLSchema-instance" xsi:schemaLocation="http://www.openarchives.org/OAI/2.0/ http://www.openarchives.org/OAI/2.0/OAI-PMH.xsd"><responseDate>2026-06-30T04:08:41Z</responseDate><request verb="GetRecord" identifier="oai:riubu.ubu.es:10259/4860" metadataPrefix="marc">https://riubu.ubu.es/oai/request</request><GetRecord><record><header><identifier>oai:riubu.ubu.es:10259/4860</identifier><datestamp>2021-11-29T12:03:29Z</datestamp><setSpec>com_10259_4323</setSpec><setSpec>com_10259_5086</setSpec><setSpec>com_10259_2604</setSpec><setSpec>col_10259_4330</setSpec></header><metadata><record xmlns="http://www.loc.gov/MARC21/slim" xmlns:doc="http://www.lyncode.com/xoai" xmlns:xsi="http://www.w3.org/2001/XMLSchema-instance" xmlns:dcterms="http://purl.org/dc/terms/" xsi:schemaLocation="http://www.loc.gov/MARC21/slim http://www.loc.gov/standards/marcxml/schema/MARC21slim.xsd">
<leader>00925njm 22002777a 4500</leader>
<datafield tag="042" ind1=" " ind2=" ">
<subfield code="a">dc</subfield>
</datafield>
<datafield tag="720" ind1=" " ind2=" ">
<subfield code="a">Hosseini, S. M.</subfield>
<subfield code="e">author</subfield>
</datafield>
<datafield tag="720" ind1=" " ind2=" ">
<subfield code="a">Aparicio Martínez, Santiago</subfield>
<subfield code="e">author</subfield>
</datafield>
<datafield tag="720" ind1=" " ind2=" ">
<subfield code="a">Alavianmehr, M. M.</subfield>
<subfield code="e">author</subfield>
</datafield>
<datafield tag="720" ind1=" " ind2=" ">
<subfield code="a">Khalifeh, R.</subfield>
<subfield code="e">author</subfield>
</datafield>
<datafield tag="260" ind1=" " ind2=" ">
<subfield code="c">2018-09</subfield>
</datafield>
<datafield tag="520" ind1=" " ind2=" ">
<subfield code="a">This work aims to report not only the new measurement for densities of 2-hydroxy ethylammonium formate (2-HEAF) ionic liquid under high-pressures but also molecular dynamics considerations of nanoscopic characterization for physicochemical properties in the pressure range studied. High-pressure densities of 2-HEAF showed smooth trends with temperature and pressure variations. Measurements were carried out at temperatures T = (298.15 to 333.15) K and at pressures P = (0.1 to 40) MPa. The high-pressure densities of 2-HEAF have also been correlated by the use of Tait equation with AARD equal to 0.031% and the mechanical coefficients including the isothermal compressibility, isobaric expansivity and thermal pressure were estimated. Molecular dynamics simulations were carried out in the same pressure – temperature range as the experimental study. Force field was validated against experimental results and the microscopic structure was analyzed in terms of intermolecular interactions and their evolution with temperature and pressure.</subfield>
</datafield>
<datafield tag="024" ind2=" " ind1="8">
<subfield code="a">0167-7322</subfield>
</datafield>
<datafield tag="024" ind2=" " ind1="8">
<subfield code="a">http://hdl.handle.net/10259/4860</subfield>
</datafield>
<datafield tag="024" ind2=" " ind1="8">
<subfield code="a">10.1016/j.molliq.2018.06.074</subfield>
</datafield>
<datafield tag="245" ind1="0" ind2="0">
<subfield code="a">On the volumetric properties of 2-hydroxy ethylammonium formate ionic liquid under high-pressures: Measurement and molecular dynamics</subfield>
</datafield>
</record></metadata></record></GetRecord></OAI-PMH>